El reino de Dios y la liberación del hombre

Shranjeno v:
Bibliografske podrobnosti
Glavni avtor: Galilea, Segundo (Author)
Format: Knjiga
Jezik:španščina
Izdano: Bogotá Paulinas 1985
Serija:Actualidades Teológicas
Teme:
Oznake: Označite
Brez oznak, prvi označite!

MARC

LEADER 00000cam a2200000 a 4500
001 UCR2131
003 CL-VaPUC
008 980109e19850000CK |||||||||||||||||spa|d
082 0 4 |a 236  |b GAL  |2 21 
100 |a Galilea, Segundo  |e author  |9 584097 
245 1 3 |a El reino de Dios y la liberación del hombre 
300 |a 69 p 
942 |c BK 
945 |d 19980109 00:00:00  |a jquezada 
260 |a Bogotá  |b Paulinas  |c 1985 
600 0 |a Iglesia católica  |9 255129 
600 0 |a Dios  |9 314467 
650 0 |a Escatología  |9 314395 
650 7 |a EPIFANIA  |2 CL-VaPUC  |9 399264 
650 7 |a MISERIA HUMANA  |2 CL-VaPUC  |9 399842 
650 7 |a LIBERACION  |2 CL-VaPUC  |9 399271 
650 7 |a HOMBRE  |2 CL-VaPUC  |9 262149 
583 |a last modification  |c 20160505 01:39:01  |k Rodrigo Vera 
490 0 |a Actualidades Teológicas 
999 |c 265396  |d 265394 
952 |0 0  |1 0  |4 0  |6 236_000000000000000_GAL_1985  |7 0  |8 A  |9 296300  |a BIBTEO  |b BIBTEO  |d 2019-11-20  |i 338750K  |o 236 GAL 1985  |p 338750K  |r 2025-01-17  |w 2019-11-20  |y BK  |k ICR 
952 |0 0  |1 0  |3 erb  |4 0  |6 236_000000000000000_GAL_1985  |7 0  |8 A  |9 296301  |a BIBTEO  |b BIBTEO  |e Villagrán Garnham, Jorge  |i 5302072  |o 236 GAL 1985  |p 5302072  |r 2025-01-17  |w 2019-11-20  |y BK  |z Catalogado en:20160505  |k ICR